PIECES DE LA MAISON (2) - Statistiques

Statistiques générales
  • Ce quiz a été pris 65 fois
  • Le résultat moyen est 10 sur 15
Statistiques - réponses
Hint Réponse % Correct
pièce où l'on dit à Louis de Funès dans "l'Aile ou la cuisse" : il faut tout manger ! cuisine
97%
pièce où l'on peut recevoir des invités éventuellement pour faire un dîner de cons salle à manger
95%
pièce qui ne comporte généralement qu'un seul lit, surtout si tu vis en trouple chambre
92%
pièce où ton mari te fait croire qu'il travaille, alors qu'il envoie des sextos à ta meilleure amie bureau
90%
pièce où tu es censé ranger ta brosse à dents achetée depuis 3 mois et encore dans son emballage salle de bain
90%
pièce qui est un synonyme de "lieu d'aisance" toilettes
75%
pièce où l'on peut trouver une souris, mais pas verte et qui ne court pas dans l'herbe cave
73%
pièce où est rangé le livre sur le Kamasutra que tu as à tout prix voulu acheter et que tu n'as jamais ouvert (en tout cas pas en ma présence) bibliothèque
69%
pièce qui suit "vide" si tu veux attraper des puces grenier
69%
pièce où tu enlèves tes chaussures, surtout si tu viens de marcher dans une crotte de chien entrée
68%
pièce qui correspond au début d'une chanson des Beatles : "---- you need is love" hall
54%
pièce qui est belle comme le matin et qui est souvent au fond du jardin cabane
49%
pièce généralement faite pour cacher un amant dans le placard dressing
39%
pièce qui ne peut plus être utilisée par la personne à qui ton mari envoie des sextos chambre d'amis
15%
pièce où l'on peut installer un drôle de jeu avec des boules, des queues et des trous salle de billard
15%
Aucun quiz correspondant
Distribution des résultats
% des personnes avec chaque résultat
Percentile par nombre de réponses
Votre historique - résultats
Vous n’avez pas pris ce quiz